Industrial capital and technology in Hyderabad state 1875- 1950 : (Record no. 15603)
[ view plain ]
| 000 -LEADER | |
|---|---|
| fixed length control field | 00558nam a2200169Ia 4500 |
| 082 ## - DEWEY DECIMAL CLASSIFICATION NUMBER | |
| Classification number | RR.0156 |
| 100 ## - MAIN ENTRY--AUTHOR NAME | |
| Personal name | Radhakrishnan, R. |
| 245 #0 - TITLE STATEMENT | |
| Title | Industrial capital and technology in Hyderabad state 1875- 1950 : |
| Sub Title | An empirical investigation |
| 260 ## - PUBLICATION, DISTRIBUTION, ETC. (IMPRINT) | |
| Year of publication | 1988 |
| Name of publisher | ICSSR, New Delhi |
| 300 ## - PHYSICAL DESCRIPTION | |
| Number of Pages | 170p. |
| 650 ## - SUBJECT ADDED ENTRY--TOPICAL TERM | |
| Topical Term | TECHNOLOGY - HYDERABAD STATE - 1875-1950 |
| 650 ## - SUBJECT ADDED ENTRY--TOPICAL TERM | |
| Topical Term | SALAR JUNG - (1829-1883) |
| 650 ## - SUBJECT ADDED ENTRY--TOPICAL TERM | |
| Topical Term | INDUSTRIALIZATION - HYDERABAD STATE - 1875-1948 |
| 650 ## - SUBJECT ADDED ENTRY--TOPICAL TERM | |
| Topical Term | HYDERABAD STATE - INDUSTRIES - 1875-1948 |
| 700 ## - ADDED ENTRY--PERSONAL NAME | |
| Personal name | Subbarao, C.V. |
| 942 ## - ADDED ENTRY ELEMENTS (KOHA) | |
| Koha item type | Research Reports |
| Source of classification or shelving scheme | Dewey Decimal Classification |
| Withdrawn status | Lost status | Damaged status | Not for loan | Home library | Current library | Date acquired | Bill Date | Full call number | Accession Number | Price effective from | Koha item type |
|---|---|---|---|---|---|---|---|---|---|---|---|
| NASSDOC Library | NASSDOC Library | 08/10/2004 | 2004-10-22 | RR.0156 | 29066 | 18/04/2019 | Research Reports |
